Tratado del contrato de venta

Tallennettuna:
Bibliografiset tiedot
Päätekijä: Pothier, Robert Joseph (Tekijä)
Aineistotyyppi: Kirja
Kieli:espanja
Julkaistu: Barcelona Juan Llordachs 1880
Sarja:Enciclopedia Moderna. Sección Jurídica
Aiheet:
Tagit: Lisää tagi
Ei tageja, Lisää ensimmäinen tagi!

MARC

LEADER 00000nam a2200000 a 4500
001 UCR5165
003 CL-VaPUC
008 980320e18800000SP |||||||||||||||||spa|d
082 0 4 |a 346.44  |b POT  |2 21 
100 0 |a Pothier, Robert Joseph  |e author  |9 405961 
245 1 0 |a Tratado del contrato de venta 
300 |a 1 t 
942 |c BK 
945 |d 19980320 00:00:00  |a cmena 
260 |a Barcelona  |b Juan Llordachs  |c 1880 
500 |a Donación sucesión Carlos Garcés Dellinger 
650 0 |a Derecho francés  |9 385145 
650 0 |a Derecho comparado  |9 255664 
650 0 |a Derecho romano  |9 255930 
650 0 |a Derecho español  |9 255291 
650 0 |a Contratos  |9 255153 
650 0 |a Código civil  |9 256135 
650 0 |a Obligaciones   |9 255578 
650 0 |a Delitos  |9 224143 
583 |a last modification  |c 19980320 00:00:00  |k Rodrigo Vera 
490 0 |a Enciclopedia Moderna. Sección Jurídica 
999 |c 267889  |d 267887 
952 |0 0  |1 0  |4 0  |6 346_440000000000000_POT_1880  |7 0  |8 X  |9 300685  |a BIBDER  |b BIBDER  |d 2019-11-20  |h t.5  |i 196092K  |o 346.44 POT 1880  |p 196092K  |r 2023-01-25  |w 2019-11-20  |y BK_X  |k DER